000
00253nam a22000977a 4500
008
131105b xxu||||| |||| 00| 0 eng d
020
_c
Available
050
_a
005.74ELM
245
_a
Fundamentals of Database Systems
_c
Elmasri Navathe
250
_a
Third Edition
999
_c
23512
_d
23512